[Event "Hoogeveen Open"]
[Site "Hoogeveen, Netherlands"]
[Date "2018.10.24"]
[Round "6.16"]
[White "Konings, Frans"]
[Black "De Boer, Eelke"]
[Result "0-1"]
[WhiteElo "2195"]
[BlackElo "2285"]

1. d4 {[%clk 01:30:56]} {[%emt 00:00:04]} Nf6 {[%clk 01:29:54]} {[%emt
00:01:08]} 2. g3 {[%clk 01:31:20]} {[%emt 00:00:03]} g6 {[%clk 01:30:18]}
{[%emt 00:00:06]} 3. Bg2 {[%clk 01:31:46]} {[%emt 00:00:06]} Bg7 {[%clk
01:29:43]} {[%emt 00:01:04]} 4. e4 {[%clk 01:32:11]} {[%emt 00:00:05]} d6
{[%clk 01:29:57]} {[%emt 00:00:17]} 5. Ne2 {[%clk 01:32:31]} {[%emt 00:00:10]}
O-O {[%clk 01:30:08]} {[%emt 00:00:19]} 6. O-O {[%clk 01:32:57]} {[%emt
00:00:04]} c5 {[%clk 01:30:24]} {[%emt 00:00:14]} 7. dxc5 {[%clk 01:32:59]}
{[%emt 00:00:28]} dxc5 {[%clk 01:30:47]} {[%emt 00:00:07]} 8. e5 {[%clk
01:32:28]} {[%emt 00:01:02]} Ng4 {[%clk 01:14:48]} {[%emt 00:16:29]} 9. f4
{[%clk 01:32:17]} {[%emt 00:00:41]} Qb6 {[%clk 01:12:56]} {[%emt 00:02:23]} 10.
Nbc3 {[%clk 01:26:41]} {[%emt 00:06:05]} e6 {[%clk 01:00:29]} {[%emt 00:12:57]}
11. Na4 {[%clk 01:07:19]} {[%emt 00:19:52]} Qa5 {[%clk 00:57:26]} {[%emt
00:03:33]} 12. Nec3 {[%clk 01:07:25]} {[%emt 00:00:25]} h5 {[%clk 00:53:55]}
{[%emt 00:04:01]} 13. h3 {[%clk 01:05:29]} {[%emt 00:02:27]} Nh6 {[%clk
00:52:53]} {[%emt 00:01:31]} 14. a3 {[%clk 01:01:52]} {[%emt 00:04:08]} Rd8
{[%clk 00:48:49]} {[%emt 00:04:33]} 15. b4 {[%clk 00:56:58]} {[%emt 00:05:24]}
Rxd1 {[%clk 00:44:12]} {[%emt 00:05:06]} 16. bxa5 {[%clk 00:57:24]} {[%emt
00:00:05]} Rxf1+ {[%clk 00:44:30]} {[%emt 00:00:12]} 17. Kxf1 {[%clk 00:57:47]}
{[%emt 00:00:07]} Na6 {[%clk 00:44:21]} {[%emt 00:00:39]} 18. Rb1 {[%clk
00:53:12]} {[%emt 00:05:06]} Rb8 {[%clk 00:40:27]} {[%emt 00:04:23]} 19. Ne4
{[%clk 00:51:38]} {[%emt 00:02:04]} Bf8 {[%clk 00:40:38]} {[%emt 00:00:19]} 20.
Nf6+ {[%clk 00:45:08]} {[%emt 00:07:00]} Kh8 {[%clk 00:36:32]} {[%emt
00:04:36]} 21. g4 {[%clk 00:44:40]} {[%emt 00:00:58]} hxg4 {[%clk 00:36:55]}
{[%emt 00:00:07]} 22. hxg4 {[%clk 00:45:02]} {[%emt 00:00:08]} Ng8 {[%clk
00:36:56]} {[%emt 00:00:28]} 23. Nxg8 {[%clk 00:42:20]} {[%emt 00:03:12]} Kxg8
{[%clk 00:37:15]} {[%emt 00:00:11]} 24. c4 {[%clk 00:42:39]} {[%emt 00:00:11]}
Bd7 {[%clk 00:28:10]} {[%emt 00:09:35]} 25. Nc3 {[%clk 00:43:05]} {[%emt
00:00:05]} Bc6 {[%clk 00:25:39]} {[%emt 00:03:00]} 26. Bxc6 {[%clk 00:41:29]}
{[%emt 00:02:06]} bxc6 {[%clk 00:26:02]} {[%emt 00:00:07]} 27. Rxb8 {[%clk
00:41:57]} {[%emt 00:00:02]} Nxb8 {[%clk 00:26:22]} {[%emt 00:00:09]} 28. Ne4
{[%clk 00:42:01]} {[%emt 00:00:26]} Nd7 {[%clk 00:25:29]} {[%emt 00:01:23]} 29.
Nf6+ {[%clk 00:41:12]} {[%emt 00:01:19]} Nxf6 {[%clk 00:24:45]} {[%emt
00:01:15]} 30. exf6 {[%clk 00:41:35]} {[%emt 00:00:06]} a6 {[%clk 00:18:44]}
{[%emt 00:06:31]} 31. Ke2 {[%clk 00:39:27]} {[%emt 00:02:38]} Bd6 {[%clk
00:18:10]} {[%emt 00:01:03]} 32. Kf3 {[%clk 00:39:20]} {[%emt 00:00:37]} Kf8
{[%clk 00:16:02]} {[%emt 00:02:38]} 33. Be3 {[%clk 00:32:03]} {[%emt 00:07:48]}
Ke8 {[%clk 00:15:38]} {[%emt 00:00:53]} 34. Ke4 {[%clk 00:30:23]} {[%emt
00:02:11]} Kd7 {[%clk 00:15:45]} {[%emt 00:00:23]} 35. Bd2 {[%clk 00:28:40]}
{[%emt 00:02:13]} Bf8 {[%clk 00:15:32]} {[%emt 00:00:42]} 36. Bc3 {[%clk
00:28:59]} {[%emt 00:00:11]} Bd6 {[%clk 00:15:03]} {[%emt 00:00:59]} 37. Kf3
{[%clk 00:27:41]} {[%emt 00:01:48]} Ke8 {[%clk 00:15:03]} {[%emt 00:00:30]} 38.
Ke4 {[%clk 00:27:22]} {[%emt 00:00:48]} Kd7 {[%clk 00:15:24]} {[%emt 00:00:10]}
39. Bd2 {[%clk 00:26:57]} {[%emt 00:00:54]} Bf8 {[%clk 00:15:38]} {[%emt
00:00:15]} 40. Kf3 {[%clk 00:26:43]} {[%emt 00:00:45]} Bd6 {[%clk 00:15:28]}
{[%emt 00:00:39]} 41. Kg2 {[%clk 00:27:07]} {[%emt 00:00:07]} Bc7 {[%clk
00:08:17]} {[%emt 00:07:41]} 42. Kh3 {[%clk 00:24:39]} {[%emt 00:02:57]} e5
{[%clk 00:05:41]} {[%emt 00:03:06]} 43. f5 {[%clk 00:18:00]} {[%emt 00:07:10]}
gxf5 {[%clk 00:05:11]} {[%emt 00:01:00]} 44. gxf5 {[%clk 00:18:26]} {[%emt
00:00:04]} Bd8 {[%clk 00:05:12]} {[%emt 00:00:28]} 45. Bg5 {[%clk 00:15:39]}
{[%emt 00:03:18]} Bxa5 {[%clk 00:05:23]} {[%emt 00:00:19]} 46. Kg4 {[%clk
00:15:29]} {[%emt 00:00:40]} e4 {[%clk 00:25:17]} {[%emt 00:10:36]} 47. Be3
{[%clk 00:45:22]} {[%emt 00:00:37]} Bc7 {[%clk 00:24:30]} {[%emt 00:01:17]} 48.
Bxc5 {[%clk 00:44:34]} {[%emt 00:01:18]} Bd6 {[%clk 00:23:36]} {[%emt
00:01:24]} 49. Bd4 {[%clk 00:40:46]} {[%emt 00:04:18]} Bxa3 {[%clk 00:23:22]}
{[%emt 00:00:44]} 50. Kf4 {[%clk 00:41:10]} {[%emt 00:00:05]} a5 {[%clk
00:17:14]} {[%emt 00:06:38]} 51. Kxe4 {[%clk 00:41:10]} {[%emt 00:00:31]} Kd6
{[%clk 00:12:12]} {[%emt 00:05:32]} 52. Kd3 {[%clk 00:38:49]} {[%emt 00:02:51]}
Bc1 {[%clk 00:05:41]} {[%emt 00:07:00]} 53. Kc2 {[%clk 00:31:45]} {[%emt
00:07:36]} Bf4 {[%clk 00:06:03]} {[%emt 00:00:07]} 54. Kb3 {[%clk 00:26:13]}
{[%emt 00:06:01]} Be5 {[%clk 00:06:28]} {[%emt 00:00:06]} 55. Ba7 {[%clk
00:26:18]} {[%emt 00:00:25]} Bxf6 {[%clk 00:05:43]} {[%emt 00:01:15]} 56. Bb8+
{[%clk 00:26:44]} {[%emt 00:00:04]} Ke7 {[%clk 00:02:48]} {[%emt 00:03:24]} 57.
Bf4 {[%clk 00:16:21]} {[%emt 00:10:53]} Bd4 {[%clk 00:02:04]} {[%emt 00:01:15]}
58. Bg5+ {[%clk 00:11:48]} {[%emt 00:05:03]} Kd6 {[%clk 00:02:28]} {[%emt
00:00:06]} 59. Bd8 {[%clk 00:12:06]} {[%emt 00:00:12]} Ke5 {[%clk 00:02:42]}
{[%emt 00:00:15]} 60. f6 {[%clk 00:11:06]} {[%emt 00:01:32]} Ke4 {[%clk
00:01:14]} {[%emt 00:01:57]} 61. Bxa5 {[%clk 00:06:12]} {[%emt 00:05:24]} Bxf6
{[%clk 00:01:38]} {[%emt 00:00:06]} 62. Be1 {[%clk 00:02:37]} {[%emt 00:04:05]}
Bd4 {[%clk 00:01:25]} {[%emt 00:00:43]} 63. Bg3 {[%clk 00:02:15]} {[%emt
00:00:51]} f5 {[%clk 00:01:38]} {[%emt 00:00:17]} 0-1

[Event "Hoogeveen Open"]
[Site "Hoogeveen, Netherlands"]
[Date "2018.10.24"]
[Round "6.17"]
[White "Bertholee, Rob"]
[Black "Giacomini, Hector"]
[Result "1/2-1/2"]
[WhiteElo "2334"]
[BlackElo "2178"]

1. e4 {[%clk 01:30:57]} {[%emt 00:00:04]} c6 {[%clk 01:30:55]} {[%emt
00:00:04]} 2. d4 {[%clk 01:31:24]} {[%emt 00:00:04]} d5 {[%clk 01:31:21]}
{[%emt 00:00:02]} 3. exd5 {[%clk 01:31:51]} {[%emt 00:00:05]} cxd5 {[%clk
01:31:47]} {[%emt 00:00:03]} 4. c4 {[%clk 01:32:17]} {[%emt 00:00:05]} Nf6
{[%clk 01:32:13]} {[%emt 00:00:04]} 5. Nc3 {[%clk 01:32:44]} {[%emt 00:00:04]}
e6 {[%clk 01:32:38]} {[%emt 00:00:04]} 6. Nf3 {[%clk 01:33:10]} {[%emt
00:00:04]} Be7 {[%clk 01:33:04]} {[%emt 00:00:05]} 7. cxd5 {[%clk 01:33:36]}
{[%emt 00:00:04]} Nxd5 {[%clk 01:33:29]} {[%emt 00:00:06]} 8. Bd3 {[%clk
01:34:02]} {[%emt 00:00:02]} Nc6 {[%clk 01:33:53]} {[%emt 00:00:06]} 9. O-O
{[%clk 01:34:27]} {[%emt 00:00:05]} O-O {[%clk 01:34:20]} {[%emt 00:00:03]} 10.
Re1 {[%clk 01:34:52]} {[%emt 00:00:07]} Bf6 {[%clk 01:34:44]} {[%emt 00:00:04]}
11. Be4 {[%clk 01:35:12]} {[%emt 00:00:11]} Nce7 {[%clk 01:35:09]} {[%emt
00:00:05]} 12. Qd3 {[%clk 01:35:38]} {[%emt 00:00:04]} h6 {[%clk 01:35:30]}
{[%emt 00:00:10]} 13. Ne5 {[%clk 01:35:57]} {[%emt 00:00:11]} Bd7 {[%clk
01:35:38]} {[%emt 00:00:21]} 14. Qg3 {[%clk 01:36:16]} {[%emt 00:00:11]} Bc6
{[%clk 01:35:56]} {[%emt 00:00:11]} 15. Nxc6 {[%clk 01:36:24]} {[%emt
00:00:22]} bxc6 {[%clk 01:36:20]} {[%emt 00:00:06]} 16. Bxh6 {[%clk 01:36:48]}
{[%emt 00:00:07]} Qb6 {[%clk 01:36:36]} {[%emt 00:00:14]} 17. Be3 {[%clk
01:35:51]} {[%emt 00:01:27]} Qxb2 {[%clk 01:36:13]} {[%emt 00:00:53]} 18. Na4
{[%clk 01:36:09]} {[%emt 00:00:13]} Qa3 {[%clk 01:29:02]} {[%emt 00:07:41]} 19.
Nc5 {[%clk 01:35:44]} {[%emt 00:00:56]} Rfd8 {[%clk 01:21:49]} {[%emt
00:07:43]} 20. Rad1 {[%clk 00:40:49]} {[%emt 00:55:25]} Nf5 {[%clk 01:13:47]}
{[%emt 00:08:32]} 21. Qf3 {[%clk 00:37:10]} {[%emt 00:04:09]} Nde7 {[%clk
00:43:11]} {[%emt 00:31:07]} 22. Bxc6 {[%clk 00:33:29]} {[%emt 00:04:12]} Nxc6
{[%clk 00:40:58]} {[%emt 00:02:42]} 23. Qxc6 {[%clk 00:33:57]} {[%emt
00:00:02]} Rac8 {[%clk 00:40:38]} {[%emt 00:00:51]} 24. Qb7 {[%clk 00:23:13]}
{[%emt 00:11:14]} Rb8 {[%clk 00:34:54]} {[%emt 00:06:14]} 25. Qc7 {[%clk
00:23:20]} {[%emt 00:00:23]} Rbc8 {[%clk 00:31:37]} {[%emt 00:03:47]} 26. Qb7
{[%clk 00:23:14]} {[%emt 00:00:36]} Rb8 {[%clk 00:31:13]} {[%emt 00:00:53]} 27.
Qc7 {[%clk 00:21:05]} {[%emt 00:02:39]} Rbc8 {[%clk 00:31:35]} {[%emt
00:00:08]} 28. Qf4 {[%clk 00:11:04]} {[%emt 00:10:32]} Qxa2 {[%clk 00:29:35]}
{[%emt 00:02:30]} 29. Ne4 {[%clk 00:11:14]} {[%emt 00:00:19]} Bxd4 {[%clk
00:20:35]} {[%emt 00:09:30]} 30. Bxd4 {[%clk 00:11:20]} {[%emt 00:00:24]} Nxd4
{[%clk 00:20:53]} {[%emt 00:00:12]} 31. Rxd4 {[%clk 00:08:47]} {[%emt
00:03:03]} Rxd4 {[%clk 00:21:17]} {[%emt 00:00:06]} 32. Nf6+ {[%clk 00:09:13]}
{[%emt 00:00:04]} gxf6 {[%clk 00:21:36]} {[%emt 00:00:11]} 33. Qxd4 {[%clk
00:09:40]} {[%emt 00:00:04]} Rb8 {[%clk 00:08:03]} {[%emt 00:14:02]} 34. Qxf6
{[%clk 00:07:12]} {[%emt 00:02:59]} Rb1 {[%clk 00:08:19]} {[%emt 00:00:14]} 35.
Qd8+ {[%clk 00:06:38]} {[%emt 00:01:04]} Kg7 {[%clk 00:08:29]} {[%emt
00:00:20]} 36. Qg5+ {[%clk 00:07:02]} {[%emt 00:00:06]} Kf8 {[%clk 00:08:05]}
{[%emt 00:00:54]} 37. Qd8+ {[%clk 00:07:03]} {[%emt 00:00:30]} Kg7 {[%clk
00:08:28]} {[%emt 00:00:07]} 38. Qg5+ {[%clk 00:07:19]} {[%emt 00:00:14]} Kf8
{[%clk 00:08:51]} {[%emt 00:00:07]} 39. Qh6+ {[%clk 00:03:45]} {[%emt
00:04:04]} Kg8 {[%clk 00:09:04]} {[%emt 00:00:17]} 40. Qg5+ {[%clk 00:04:11]}
{[%emt 00:00:04]} 1/2-1/2

[Event "Hoogeveen Open"]
[Site "Hoogeveen, Netherlands"]
[Date "2018.10.24"]
[Round "6.18"]
[White "Van Kooten, Luuk"]
[Black "Rakshitta, Ravi"]
[Result "1/2-1/2"]
[WhiteElo "2320"]
[BlackElo "2160"]

1. d4 {[%clk 01:30:41]} {[%emt 00:00:18]} Nf6 {[%clk 01:29:26]} {[%emt
00:01:35]} 2. c4 {[%clk 01:30:37]} {[%emt 00:00:33]} e6 {[%clk 01:29:52]}
{[%emt 00:00:05]} 3. Nc3 {[%clk 01:30:35]} {[%emt 00:00:32]} d5 {[%clk
01:30:16]} {[%emt 00:00:07]} 4. cxd5 {[%clk 01:30:35]} {[%emt 00:00:30]} exd5
{[%clk 01:30:44]} {[%emt 00:00:02]} 5. Bg5 {[%clk 01:30:38]} {[%emt 00:00:26]}
Nbd7 {[%clk 01:31:05]} {[%emt 00:00:10]} 6. e3 {[%clk 01:30:05]} {[%emt
00:01:03]} Be7 {[%clk 01:31:22]} {[%emt 00:00:13]} 7. Bd3 {[%clk 01:28:13]}
{[%emt 00:02:22]} c6 {[%clk 01:31:34]} {[%emt 00:00:18]} 8. Qc2 {[%clk
01:26:01]} {[%emt 00:02:41]} O-O {[%clk 01:31:55]} {[%emt 00:00:08]} 9. Nge2
{[%clk 01:24:54]} {[%emt 00:01:37]} Re8 {[%clk 01:32:13]} {[%emt 00:00:13]} 10.
O-O {[%clk 01:23:08]} {[%emt 00:02:16]} h6 {[%clk 01:32:33]} {[%emt 00:00:11]}
11. Bf4 {[%clk 01:18:39]} {[%emt 00:04:59]} Nf8 {[%clk 01:30:40]} {[%emt
00:02:22]} 12. h3 {[%clk 01:11:20]} {[%emt 00:07:49]} Ne6 {[%clk 01:28:24]}
{[%emt 00:02:45]} 13. Bg3 {[%clk 01:08:57]} {[%emt 00:02:53]} Nh5 {[%clk
01:14:49]} {[%emt 00:14:06]} 14. Bh2 {[%clk 01:04:05]} {[%emt 00:05:21]} Bd6
{[%clk 01:14:27]} {[%emt 00:00:52]} 15. Bxd6 {[%clk 01:00:32]} {[%emt
00:04:05]} Qxd6 {[%clk 01:14:56]} 16. g4 {[%clk 00:54:58]} {[%emt 00:06:03]}
Ng5 {[%clk 01:09:15]} {[%emt 00:06:11]} 17. Kg2 {[%clk 00:54:50]} {[%emt
00:00:38]} Nf6 {[%clk 00:24:39]} {[%emt 00:45:06]} 18. Ng3 {[%clk 00:41:27]}
{[%emt 00:13:53]} Nxg4 {[%clk 00:20:58]} {[%emt 00:04:11]} 19. hxg4 {[%clk
00:41:23]} {[%emt 00:00:33]} Bxg4 {[%clk 00:21:27]} {[%emt 00:00:02]} 20. Rg1
{[%clk 00:29:04]} {[%emt 00:12:49]} Qf6 {[%clk 00:14:05]} {[%emt 00:07:51]} 21.
Bf5 {[%clk 00:18:50]} {[%emt 00:10:45]} Bf3+ {[%clk 00:14:22]} {[%emt
00:00:14]} 22. Kf1 {[%clk 00:14:15]} {[%emt 00:05:04]} g6 {[%clk 00:14:37]}
{[%emt 00:00:14]} 23. Bd3 {[%clk 00:14:07]} {[%emt 00:00:38]} Nh3 {[%clk
00:13:23]} {[%emt 00:01:44]} 24. Rg2 {[%clk 00:14:05]} {[%emt 00:00:32]} Bxg2+
{[%clk 00:11:24]} {[%emt 00:02:29]} 25. Kxg2 {[%clk 00:14:30]} {[%emt
00:00:05]} Ng5 {[%clk 00:11:50]} {[%emt 00:00:04]} 26. Qe2 {[%clk 00:13:07]}
{[%emt 00:01:53]} Ne6 {[%clk 00:10:51]} {[%emt 00:01:30]} 27. Qg4 {[%clk
00:11:25]} {[%emt 00:02:12]} Qg5 {[%clk 00:11:14]} {[%emt 00:00:06]} 28. Qh3
{[%clk 00:10:32]} {[%emt 00:01:22]} h5 {[%clk 00:08:39]} {[%emt 00:03:05]} 29.
Rh1 {[%clk 00:10:15]} {[%emt 00:00:48]} Qf6 {[%clk 00:08:43]} {[%emt 00:00:27]}
30. Nge2 {[%clk 00:08:34]} {[%emt 00:02:10]} Kg7 {[%clk 00:07:40]} {[%emt
00:01:33]} 31. Kf1 {[%clk 00:05:09]} {[%emt 00:03:55]} Ng5 {[%clk 00:07:24]}
{[%emt 00:00:46]} 32. Qg3 {[%clk 00:04:27]} {[%emt 00:01:13]} Qf3 {[%clk
00:06:10]} {[%emt 00:01:42]} 33. Qxf3 {[%clk 00:04:28]} {[%emt 00:00:29]} Nxf3
{[%clk 00:06:40]} {[%emt 00:00:01]} 34. Nf4 {[%clk 00:04:40]} {[%emt 00:00:18]}
Nd2+ {[%clk 00:04:52]} {[%emt 00:02:17]} 35. Ke2 {[%clk 00:03:49]} {[%emt
00:01:22]} Ne4 {[%clk 00:05:21]} {[%emt 00:00:01]} 36. Bxe4 {[%clk 00:02:37]}
{[%emt 00:01:42]} dxe4 {[%clk 00:05:50]} 37. f3 {[%clk 00:02:47]} {[%emt
00:00:20]} exf3+ {[%clk 00:05:21]} {[%emt 00:00:59]} 38. Kxf3 {[%clk 00:03:16]}
{[%emt 00:00:02]} Re7 {[%clk 00:02:48]} {[%emt 00:03:03]} 39. Rh2 {[%clk
00:02:15]} {[%emt 00:01:31]} Rd8 {[%clk 00:02:11]} {[%emt 00:01:06]} 40. Rg2
{[%clk 00:02:06]} {[%emt 00:00:40]} Kh6 {[%clk 00:00:38]} {[%emt 00:02:04]} 41.
Rh2 {[%clk 00:01:20]} {[%emt 00:01:15]} Kh7 {[%emt 00:20:59]} 42. Rg2 {[%emt
00:00:07]} f5 43. Nd1 {[%emt 00:00:15]} Rde8 1/2-1/2

[Event "Hoogeveen Open"]
[Site "Hoogeveen, Netherlands"]
[Date "2018.10.24"]
[Round "6.19"]
[White "Biermann, Lenhard"]
[Black "Bluhm, Sonja Maria"]
[Result "0-1"]
[WhiteElo "2153"]
[BlackElo "2281"]

1. d4 {[%clk 01:30:58]} {[%emt 00:00:01]} Nf6 {[%clk 01:30:53]} {[%emt
00:00:08]} 2. Nf3 {[%clk 01:31:23]} {[%emt 00:00:04]} c5 {[%clk 01:31:00]}
{[%emt 00:00:23]} 3. d5 {[%clk 01:31:47]} {[%emt 00:00:06]} d6 {[%clk
01:31:06]} {[%emt 00:00:23]} 4. Nc3 {[%clk 01:31:30]} {[%emt 00:00:47]} g6
{[%clk 01:30:45]} {[%emt 00:00:51]} 5. h3 {[%clk 01:29:15]} {[%emt 00:02:45]}
Bg7 {[%clk 01:28:46]} {[%emt 00:02:29]} 6. e4 {[%clk 01:28:57]} {[%emt
00:00:48]} a6 {[%clk 01:27:40]} {[%emt 00:01:37]} 7. a4 {[%clk 01:29:09]}
{[%emt 00:00:17]} b6 {[%clk 01:27:55]} {[%emt 00:00:15]} 8. Bd3 {[%clk
01:27:43]} {[%emt 00:01:56]} Bb7 {[%clk 01:27:39]} {[%emt 00:00:46]} 9. Bf4
{[%clk 01:25:47]} {[%emt 00:02:25]} Nbd7 {[%clk 01:24:59]} {[%emt 00:03:10]} 10.
O-O {[%clk 01:23:56]} {[%emt 00:02:21]} Nh5 {[%clk 01:22:12]} {[%emt 00:03:17]}
11. Bh2 {[%clk 01:23:42]} {[%emt 00:00:44]} O-O {[%clk 01:22:01]} {[%emt
00:00:41]} 12. Nd2 {[%clk 01:21:36]} {[%emt 00:02:35]} Bd4 {[%clk 01:01:58]}
{[%emt 00:20:33]} 13. Nc4 {[%clk 01:07:36]} {[%emt 00:14:31]} Rc8 {[%clk
00:59:26]} {[%emt 00:03:02]} 14. Kh1 {[%clk 01:02:43]} {[%emt 00:05:22]} Ne5
{[%clk 00:55:59]} {[%emt 00:03:57]} 15. f4 {[%clk 00:58:00]} {[%emt 00:05:12]}
Nxc4 {[%clk 00:48:58]} {[%emt 00:07:32]} 16. Bxc4 {[%clk 00:57:14]} {[%emt
00:01:15]} Qd7 {[%clk 00:45:47]} {[%emt 00:03:41]} 17. Qd3 {[%clk 00:48:28]}
{[%emt 00:09:16]} Ra8 {[%clk 00:45:21]} {[%emt 00:00:56]} 18. g4 {[%clk
00:40:56]} {[%emt 00:08:02]} Bxc3 {[%clk 00:45:16]} {[%emt 00:00:35]} 19. Qxc3
{[%clk 00:40:28]} {[%emt 00:00:57]} Ng7 {[%clk 00:44:55]} {[%emt 00:00:51]} 20.
Qd3 {[%clk 00:39:01]} {[%emt 00:01:57]} Ne8 {[%clk 00:33:24]} {[%emt 00:12:02]}
21. Qb3 {[%clk 00:35:11]} {[%emt 00:04:20]} Nf6 {[%clk 00:26:33]} {[%emt
00:07:21]} 22. Rae1 {[%clk 00:33:41]} {[%emt 00:02:00]} Rfb8 {[%clk 00:26:12]}
{[%emt 00:00:52]} 23. g5 {[%clk 00:30:40]} {[%emt 00:03:31]} Nh5 {[%clk
00:25:24]} {[%emt 00:01:17]} 24. Be2 {[%clk 00:30:16]} {[%emt 00:00:54]} Ng7
{[%clk 00:22:21]} {[%emt 00:03:34]} 25. Bg4 {[%clk 00:30:35]} {[%emt 00:00:10]}
Qc7 {[%clk 00:22:38]} {[%emt 00:00:14]} 26. f5 {[%clk 00:28:27]} {[%emt
00:02:39]} c4 {[%clk 00:21:21]} {[%emt 00:01:47]} 27. Qf3 {[%clk 00:27:20]}
{[%emt 00:01:37]} Rf8 {[%clk 00:20:36]} {[%emt 00:01:15]} 28. Bg1 {[%clk
00:24:25]} {[%emt 00:03:24]} gxf5 {[%clk 00:19:26]} {[%emt 00:01:40]} 29. Bxf5
{[%clk 00:24:19]} {[%emt 00:00:36]} Nxf5 {[%clk 00:17:16]} {[%emt 00:02:41]} 30.
Qxf5 {[%clk 00:23:57]} {[%emt 00:00:51]} Rae8 {[%clk 00:16:05]} {[%emt
00:01:42]} 31. g6 {[%clk 00:15:31]} {[%emt 00:08:57]} hxg6 {[%clk 00:15:04]}
{[%emt 00:01:31]} 32. Qg5 {[%clk 00:15:39]} {[%emt 00:00:22]} e5 {[%clk
00:10:16]} {[%emt 00:05:18]} 33. Rf6 {[%clk 00:15:05]} {[%emt 00:01:02]} Kg7
{[%clk 00:08:51]} {[%emt 00:01:55]} 34. Ref1 {[%clk 00:06:41]} {[%emt
00:08:54]} Re7 {[%clk 00:07:28]} {[%emt 00:01:54]} 35. Be3 {[%clk 00:06:10]}
{[%emt 00:01:01]} Rh8 {[%clk 00:07:38]} {[%emt 00:00:20]} 36. h4 {[%clk
00:05:53]} {[%emt 00:00:47]} Qd7 {[%clk 00:06:57]} {[%emt 00:01:12]} 37. R1f3
{[%clk 00:04:49]} {[%emt 00:01:33]} Rh5 {[%clk 00:05:49]} {[%emt 00:01:39]} 38.
Qxh5 {[%clk 00:02:45]} {[%emt 00:02:33]} gxh5 {[%clk 00:06:13]} {[%emt
00:00:06]} 39. Bh6+ {[%clk 00:02:59]} {[%emt 00:00:16]} Kh7 {[%clk 00:04:33]}
{[%emt 00:02:10]} 40. Rg3 {[%clk 00:01:19]} {[%emt 00:02:10]} Bxd5 {[%clk
00:01:54]} {[%emt 00:03:10]} 41. exd5 {[%clk 00:26:21]} {[%emt 00:05:28]} Qb7
{[%clk 00:31:59]} {[%emt 00:00:25]} 42. Bf8 {[%clk 00:22:25]} {[%emt 00:04:27]}
Re6 {[%clk 00:27:24]} {[%emt 00:05:05]} 43. Rg7+ {[%clk 00:09:48]} {[%emt
00:13:06]} Kh8 {[%clk 00:27:49]} {[%emt 00:00:06]} 44. Rfxf7 {[%clk 00:10:01]}
{[%emt 00:00:16]} Qxd5+ {[%clk 00:28:06]} {[%emt 00:00:14]} 45. Kh2 {[%clk
00:08:51]} {[%emt 00:01:40]} Rg6 {[%clk 00:27:07]} {[%emt 00:01:29]} 46. Rxg6
{[%clk 00:04:29]} {[%emt 00:04:52]} Qxf7 {[%clk 00:27:25]} {[%emt 00:00:13]} 47.
Bg7+ {[%clk 00:03:54]} {[%emt 00:01:04]} Qxg7 {[%clk 00:26:39]} {[%emt
00:01:16]} 0-1